|
|
|
|
| LEADER |
00000nam1a2200000 4500 |
| 001 |
94458 |
| 005 |
20231031105646.0 |
| 010 |
|
|
|a 5120093779
|
| 020 |
|
|
|a RU
|b 88-22936
|
| 035 |
|
|
|a (RuTPU)RU\TPU\book\101189
|
| 090 |
|
|
|a 94458
|
| 100 |
|
|
|a 20060411d1988 m a0rusy5003 ca
|
| 101 |
0 |
|
|a rus
|
| 102 |
|
|
|a UA
|
| 200 |
1 |
|
|a Мельницы самоизмельчения
|f В. Н. Потураев, Н. И. Сокур
|
| 210 |
|
|
|a Киев
|c Наукова думка
|d 1988
|
| 215 |
|
|
|a 215,[4] с.
|c ил.
|d 22 см
|
| 225 |
1 |
|
|a НТП
|e Наука и технический прогресс
|
| 320 |
|
|
|a Библиогр.: с. 212-217 (124 назв.)
|
| 610 |
1 |
|
|a мельницы
|
| 610 |
1 |
|
|a конструкции
|
| 610 |
1 |
|
|a самоизмельчение
|
| 610 |
1 |
|
|a приводы
|
| 610 |
1 |
|
|a барабаны
|
| 610 |
1 |
|
|a технико-экономическая эффективность
|
| 675 |
|
|
|a 621.926
|z rus
|
| 700 |
|
1 |
|a Потураев
|b В. Н.
|g Валентин Никитич
|4 070
|
| 701 |
|
1 |
|a Сокур
|b Н. И.
|g Николай Иванович
|4 070
|
| 801 |
|
0 |
|a RU
|b RuMRKP
|c 19950417
|g psbo
|
| 801 |
|
1 |
|a RU
|b 63413507
|c 20060411
|g PSBO
|
| 801 |
|
2 |
|a RU
|b 63413507
|c 20061013
|g PSBO
|
| 942 |
|
|
|c BK
|